Learn Chinese through English / (Record no. 105227)
[ view plain ]
| 000 -LEADER | |
|---|---|
| fixed length control field | 00614nam a2200181 a 4500 |
| 005 - DATE AND TIME OF LATEST TRANSACTION | |
| control field | 20140412111347.0 |
| 008 - FIXED-LENGTH DATA ELEMENTS--GENERAL INFORMATION | |
| fixed length control field | 050421s19uu xx 00 eng d |
| 020 ## - INTERNATIONAL STANDARD BOOK NUMBER | |
| International Standard Book Number | 81-7245-109-1 |
| 050 ## - LIBRARY OF CONGRESS CALL NUMBER | |
| Classification number | M 495.1 |
| Item number | Le477 1986 |
| 100 ## - MAIN ENTRY--PERSONAL NAME | |
| Personal name | Sharma, Dr. Anita |
| 245 ## - TITLE STATEMENT | |
| Title | Learn Chinese through English / |
| Statement of responsibility, etc | Dr. Anita Sharma. |
| 260 ## - PUBLICATION, DISTRIBUTION, ETC. (IMPRINT) | |
| Place of publication, distribution, etc | New Dehi : |
| Name of publisher, distributor, etc | Goodwill Publishing House, |
| Date of publication, distribution, etc | 1986. |
| 300 ## - PHYSICAL DESCRIPTION | |
| Extent | 297 p. ; ill. |
| 500 ## - GENERAL NOTE | |
| General note | Department of Chinese and Japanese Studies, University of Delhi |
| 650 ## - SUBJECT ADDED ENTRY--TOPICAL TERM | |
| Topical term or geographic name as entry element | Chinese language |
| General subdivision | Study and teaching |
| 650 ## - SUBJECT ADDED ENTRY--TOPICAL TERM | |
| Topical term or geographic name as entry element | English-Chinese language |
| General subdivision | Study and teaching |
| Withdrawn status | Lost status | Damaged status | Home library | Current library | Shelving location | Date acquired | Source of acquisition | Total Checkouts | Full call number | Barcode | Date last seen | Price effective from | Koha item type |
|---|---|---|---|---|---|---|---|---|---|---|---|---|---|
| Elizalde Library | Elizalde Library | Main Section | 04/21/2005 | M 495.1 Le477 1986 | E9662 | 04/12/2014 | 04/12/2014 | Books |